| 000 | 00414pab a2200145 454500 | ||
|---|---|---|---|
| 008 | 180718b1995 xxu||||| |||| 00| 0 eng d | ||
| 100 | _aGhura, Dhaneshwar | ||
| 245 | _aMacro policies, external forces, and economic growth in Sub-Saharan Africa | ||
| 260 | _c1995 | ||
| 300 | _ap.759-78 | ||
| 362 | _aJul | ||
| 650 | _aEconomic development | ||
| 773 | _aEconomic Development and Cultural Change | ||
| 909 | _a30072 | ||
| 999 |
_c30072 _d30072 |
||